00893pab a2200193 454500008004000000100002200040245004100062260000900103300001300112362001000125520036200135650001200497700001800509773003400527908000600561909001000567999001700577952010500594180718b2009 xxu||||| |||| 00| 0 eng d aMehrotra, Santosh aHow to identify the poor? A proposal c2009 ap.37-44. a9 May aThe Census of 2002 to identify the poor in rural areas of India was the third in a quinquennial series. However, it has been appropriately criticised. This paper elaborates on the criticisms, and proposes an alternative set of criteria and methodology for conducting the next (now overdue) census of the rural population to identify the poor. - Reproduced. aPoverty aMander, Harsh aEconomic and Political Weekly aN a82181 c82181d82181 00104070aIIPAbIIPAd2018-07-19hVolume no: 44, Issue no: 19pAR82641r2018-07-19w2018-07-19yAR